Entrada Término temático
Número de registros utilizados en: 1
001 - NÚMERO DE CONTROL
003 - IDENTIFICADOR DEL NÚMERO DE CONTROL
- campo de control:
DR-UNIBE
005 - FECHA Y HORA DE LA ÚLTIMA TRANSACCIÓN
- campo de control:
20260602150500.0
008 - DATOS DE LONGITUD FIJA
- campo de control de longitud fija:
260602|| aca||aabn | a|a d
040 ## - FUENTE DE LA CATALOGACIÓN
- Centro catalogador/agencia de origen:
DR-UNIBE
- Centro/agencia transcriptor:
DR-UNIBE
650 ## -
- :
Dajabón (Provincia).
- :
-Condiciones económicas
- :
-Congresos, conferencias, etc
670 ## - FUENTE DE DATOS ENCONTRADOS
- Cita de la fuente:
Work cat.: (DR-UNIBE)2171: Seminario sobre las Posibilidades de Desarrollo de la Provincia de Dajabón (1986 feb.16 : Dajabón, Santo Domingo) 121523, Las posibilidades de desarrollo de la provincia de Dajabón / , 1986